Normal view
MARC view
Entry Topical Term
001 - CONTROL NUMBER
- control field: 41975
003 - CONTROL NUMBER IDENTIFIER
- control field: ARRUPE
005 - DATE AND TIME OF LATEST TRANSACTION
- control field: 20180904124059.0
008 - FIXED-LENGTH DATA ELEMENTS
- fixed length control field: 180904|| aca||aabn | a|a d
040 ## - CATALOGING SOURCE
- Original cataloging agency: ARRUPE
- Transcribing agency: ARRUPE
150 ## - HEADING--TOPICAL TERM
- Topical term or geographic name as entry element: Monasticism and religious orders
- Geographic subdivision: France
- General subdivision: History
- Chronological subdivision: Middle Ages, 600-1500.
670 ## - SOURCE DATA FOUND
- Source citation: Work cat.: (ARRUPE)0: The New Monastery :, 1998.